| 000 | 00958nam a22003017a 4500 | ||
|---|---|---|---|
| 001 | 1053831 | ||
| 003 | OSt | ||
| 005 | 20210423062241.0 | ||
| 008 | 900417s1991 maua b 001 0 eng | ||
| 010 | _a 90036065 | ||
| 020 | _a0201535351 | ||
| 040 |
_aDLC _cDLC _dDLC |
||
| 041 | _aeng | ||
| 050 | 0 | 0 |
_aHG4538 _b.S52 1991 |
| 080 |
_a336 _bS-70 |
||
| 082 | 0 | 0 |
_a332.6/73 _220 |
| 100 | 1 |
_aSolnik, Bruno H., _d1946- |
|
| 245 | 1 | 0 |
_aInternational investments / _cBruno Solnik. |
| 250 | _a2nd ed. | ||
| 260 |
_aReading, Mass. : _bAddison-Wesley Pub. Co., _c1991. |
||
| 300 |
_axi, 404 p. : _bill. ; _c25 cm. |
||
| 504 | _aIncludes bibliographical references and index. | ||
| 650 | 0 | _aInvestments, Foreign. | |
| 653 | _aფინანსები | ||
| 906 |
_a7 _bcbc _corignew _d1 _eocip _f19 _gy-gencatlg |
||
| 942 |
_2udc _cBK |
||
| 999 |
_c1577 _d1577 |
||